The development of remote electronic voting in Europe /
Kaydedildi:
| Yazar: | |
|---|---|
| Materyal Türü: | Metin |
| Konular: | |
| Etiketler: |
Etiketle
Etiket eklenmemiş, İlk siz ekleyin!
|
MARC
| LEADER | 00000 a a2200000 04500 | ||
|---|---|---|---|
| 001 | 18928 | ||
| 003 | |||
| 040 | |||
| 100 | |a Krimmer, Robert | ||
| 245 | |a The development of remote electronic voting in Europe / |c Robert Krimmer | ||
| 650 | |a VOTO ELECTRONICO | ||
| 650 | |a INTERNET | ||
| 650 | |a ELECCIONES | ||
| 650 | |a POLITICA TECNOLOGICA | ||
| 773 | |g número 25; páginas 11-26 | ||
| 999 | |c 35094 |d 35094 | ||
